Spevník pre slovenských reformovaných kresťanov

Bibliographic Details
Format: Book
Language:Slovak
PhysicalDescription:733, [1] s. 12°
Published: Bratislava Cirkevné nakladateľstvo 1960
Edition:2. vyd.
Subjects:

MARC

LEADER 00000cam a2200000 a 4500
001 vtls008326135
003 SK-MaSNL
005 20260301044810.0
008 230403s1960 xo 000 0 slo
015 |a SNBA1961/03-00532 
035 |a SK01SNK19610018352 
035 |a urn:nbn:sk:snk-am3hslb 
035 |a 87D55B34-3C75-4F66-8BC6-C6945F15A49A 
035 |a urn:nbn:sk:snk-am00d7sr 
035 |a SKM000020815 
040 |a SNK  |b slo  |c SNK  |e AACR2 
041 0 |a slo 
044 |a xo  |c SK 
080 |a 245:284.2  |2 1981 
245 0 0 |a Spevník pre slovenských reformovaných kresťanov 
250 |a 2. vyd. 
260 |a Bratislava  |b Cirkevné nakladateľstvo  |c 1960  |e Trnava  |f Polygrafické závody 
300 |a 733, [1] s.  |c 12° 
500 |a Abec. zoznam žalmov a piesní 
610 2 7 |a Reformovaná kresťanská cirkev na Slovensku  |2 SNKKA  |9 102300 
655 7 |a spevníky  |2 SNKPH  |9 70506 
852 |a Slovenská národná knižnica 
954 |a duchovná literatúra pôvodná (slovenská)  |2 lita 
958 |a OND 
958 |a TL 
958 |a RK 
958 |a NT 
958 |a EUIPO 
999 |c 596809  |d 598739 
952 |a SNK  |b SNK  |y PREZ  |7 0  |p 17A0721404  |o snkSE 3071  |i snkKSP 600/61  |0 0  |1 0  |4 0  |d 2018-03-07  |f 1  |l 0  |r 2026-02-23 15:42:31  |w 2026-02-23 
952 |a SNK  |b SNK  |y VYP  |7 0  |p 17A1190210  |o snkSE 3071 D1  |i snkKSP 601/61  |0 0  |1 0  |4 0  |d 2018-06-01  |l 0  |r 2026-02-23 15:42:31  |w 2026-02-23